Glory hole /

Kim Hyun's Glory Hole is the first Korean queer poetry collection. Featuring gay teens, elders, cats, caterpillars, robots and other unexpected characters, Kim's fifty-one eccentric poems trace themes of love, sexual desire, abandonment, destitution and death. In recounting the splendid ye...

Full description

Bibliographic Details
Main Author: Kim, Hyŏn, 1980- (Author)
Other Authors: Ahn, Suhyun J. (Translator), Madhavan, Archana (Translator)
Format: Book
Language:English
Language Notes:Translated from the Korean.
Published: London ; New York : Seagull Books, 2022.
Series:Pride list (Series)
Subjects:

MARC

Tag First Indicator Second Indicator Subfields
LEADER 00000cam a2200000 i 4500
001 in00004589599
003 OCoLC
005 20220810184608.2
008 220308s2022 enk 000 p eng d
040 |a YDX  |e rda  |c YDX  |d BDX  |d INU  |d UOK 
020 |a 9780857429872  |q (paperback) 
020 |a 0857429876  |q (paperback) 
035 |a (OCoLC)1308481168 
041 1 |a eng  |h kor 
050 4 |a PL994.415.H956  |b K8513 2022 
082 0 4 |a 895.715  |2 23 
100 1 |a Kim, Hyŏn,  |d 1980-  |e author. 
240 1 0 |a Kŭllori hol.  |l English 
245 1 0 |a Glory hole /  |c Kim Hyun ; translated by Suhyun J. Ahn and Archana Madhavan. 
264 1 |a London ;  |a New York :  |b Seagull Books,  |c 2022. 
300 |a xi, 186 pages ;  |c 23 cm. 
336 |a text  |b txt  |2 rdacontent 
337 |a unmediated  |b n  |2 rdamedia 
338 |a volume  |b nc  |2 rdacarrier 
490 1 |a The pride list 
546 |a Translated from the Korean. 
505 0 |t Inhumane --  |t What do angels do at silent and holy night; --  |t Lone Wood's retirement party --  |t Galaxy Express 999 --  |t Rewind --  |t Queer; a story that is always told --  |t A meeting with the writer --  |t With the dead ones --  |t Write the novel, the novel; "Please find my shoes. They're sandals, blue sandals" by Madame Novel Cabbage --  |t Nine years on Jupiter --  |t Blow job --  |t A tribute to a replicant about which Gary mumbled --  |t Greengrass disappeared --  |t A world history of midwives --  |t Cobweb carpet --  |t Eyes and ears, look for vanished words --  |t Mr. Withers of Withering Woods --  |t When they were high on drugs --  |t Nightswimming --  |t Real boy --  |t Long-tailed darlin --  |t Big animal --  |t A cathedral --  |t Sirius somewhere --  |t Dear old Miss Lonelyhearts of "Dear old Miss Lonelyhearts" --  |t Old baby homo --  |t Death --  |t Dylan --  |t What do angels do on silent and holy nights; --  |t Tale of the Qishi Girl --  |t Ashes of time --  |t S --  |t An illustration of time by the merry pranksters --  |t Write the novel, the novel; Those days --  |t First of the gang to die --  |t The last blotch --  |t Polonaise --  |t (cont.) --  |t THE FUTURE --  |t Regarding Cate Blanchett's dream --  |t Border --  |t The last person on Space Ferris Wheel No. 12 --  |t Write the novel, the novel; in the final days of the novel, Blake with the blue gloves --  |t The tale of Cho --  |t Mansion --  |t Susan Boreman's retirement party --  |t What do angels do on silent and holy nights; --  |t Sad vagina --  |t A mechanic of the night --  |t Montgomery Clift --  |t Earth --  |t The real queer sci-fi-metafiction theater: A handbook to Glory Hole --  |t Human. 
520 |a Kim Hyun's Glory Hole is the first Korean queer poetry collection. Featuring gay teens, elders, cats, caterpillars, robots and other unexpected characters, Kim's fifty-one eccentric poems trace themes of love, sexual desire, abandonment, destitution and death. In recounting the splendid yet tragic journeys of his speakers, Kim defies meaningful sense-making. His poems are a mishmash of dystopian sci-fi and pornography, storytelling and poetry, fictive references and real figures. They are not embellished with elegant imagery; in fact, they are antithetical to it, opting instead for incoherent tense, unidiomatic expressions and never-ending puns. After all, like LGBTQ+ people in many cultures, Korean queers live in this site of violence. Bewilderment, deliberately, is Kim Hyun's form. Glory Hole invites readers into a very queer world. 
600 1 0 |a Kim, Hyŏn,  |d 1980-  |v Translations into English. 
650 0 |a Sexual minorities  |v Poetry. 
650 0 |a Korean poetry  |y 21st century. 
700 1 |a Ahn, Suhyun J.,  |e translator. 
700 1 |a Madhavan, Archana,  |e translator. 
830 0 |a Pride list (Series) 
945 |b 384316 
947 |a A14851590290 
948 |a dmitchel 8/9/22 1.44.28 
980 |b print  |c 40031219753  |f LIT/B  |g 565714  |k USD  |m 19.85  |q 1  |s AcqMono Conventional  |t Approval plan  |u Vendor order reference number  |v ZYBP  |y Print approval  |z Physical resource 
999 f f |i f2a55ce8-4a10-40fd-89e6-ba33657baf75  |s d9f15e90-f1b0-475f-95c2-5dc2077bbd5e  |t 0 
952 f f |p normal  |a Texas A&M University  |b College Station  |c Sterling C. Evans Library  |d Evans: Library Stacks  |t 0  |e PL994.415.H956 K8513 2022  |h Library of Congress classification  |i unmediated -- volume  |m A14851590290 
998 f f |a PL994.415.H956 K8513 2022  |t 0  |l Evans: Library Stacks